00898 a2200205 45000010006000000050017000060080041000230030015000640400040000790800104001192450114002232640032003373000019003695050126003880410008005141000023005227000025005457000023005708560099005934597320260407155733.0260407a1989 arg spa dAR-UNSa-BCEJYS aAR-UNSa-BCEJYSbspacAR-UNSa-BCEJYS a314.93xComposición y distribución de acuerdo con las características económicas y sociales10aDatos para el estudio de la participación de la población en la actividad económica.Argentina 1947-1980 1aBuenos Aires :bCENEPc1989 a120 p.c28 cm. a1. Prefacio – 2. Objetivo – 3. Fuentes de datos básicos y comparabilidad de la información – 4. Metodología.  aspa1 aGeldstein, Rosa N.1 aMychaszula, Sonia M.1 aGrushka, Carlos O.41uhttps://www.biblioeco.unsa.edu.ar/pmb/images/libros/L127308.jpgyImagen de portadaqimage/jpeg